Defensa del usuario en el leasing financiero mobiliario

Bibliographic Details
Main Author: Gutiřrez Gilsanz, Andrš
Format: Unknown
Language:Spanish
Published: Madrid: Edersa, 2003
Series:Cuadernos mercantiles (Editoriales de Derecho Reunidas)
Subjects:
Online Access:Acceso restringido

MARC

LEADER 00000ny a22000003n 4500
005 20160413093117.0
008 080508t2003 sp s 000 0 spa c
020 |a 8484940683 
035 |a 575 
040 |a UMA.RE  |d vLex 
080 |a 347.453.6(460)(0.034) 
090 |c 270  |d 270 
100 1 |a Gutiřrez Gilsanz, Andrš 
245 1 0 |a Defensa del usuario en el leasing financiero mobiliario  |h [Recurso electrn̤ico]  |c Andrš Gutiřrez Gilsanz 
256 |a Servicio en ln̕ea 
260 |a Madrid:  |b Edersa,  |c 2003 
490 1 |a Cuadernos mercantiles 
506 1 |a Contenido solo disponible en los productos indicados  |d vLex Global  |d vLex Global (Academic Edition, excluding Law Schools)  |d vLex Global (U.S. Academic Edition, Law Schools)  |d vLex Global (U.S. Academic Edition, excluding Law Schools)  |d vLex Global (Academic Edition, Law Schools) 
650 0 7 |a Contrato de leasing  |2 Tesauro vLex 
650 0 7 |a Civil  |2 Tesauro vLex 
650 0 7 |a Derecho de los consumidores y usuarios  |2 Tesauro vLex 
650 0 7 |a Leasing  |2 Tesauro vLex 
650 0 7 |a Proteccin̤ de los consumidores y usuarios  |2 Tesauro vLex 
740 0 |a vLex Libros (Servicios en ln̕ea) 
830 0 |a Cuadernos mercantiles (Editoriales de Derecho Reunidas) 
856 4 0 |u http://vlex.com/source/575  |z Acceso restringido 
942 |c BOOK 
999 0 |a Civil Law   |b Madrid